Consideraciones clave para el desarrollo sobre la minería metálica en El Salvador/
সংরক্ষণ করুন:
| প্রধান লেখক: | |
|---|---|
| বিন্যাস: | গ্রন্থ |
| ভাষা: | Spanish |
| ট্যাগগুলো: |
ট্যাগ যুক্ত করুন
কোনো ট্যাগ নেই, প্রথমজন হিসাবে ট্যাগ করুন!
|
MARC
| LEADER | 00000nam a22000007a 4500 | ||
|---|---|---|---|
| 003 | cru CIDCACS/IIS | ||
| 005 | 20210819100809.0 | ||
| 007 | ta | ||
| 008 | 180221s2016 cr |||||r||||||0| ||spa|d | ||
| 040 | |c cru CIDCACS/IIS | ||
| 100 | 1 | |a McKinley, Andrés |9 6675 | |
| 245 | 1 | |a Consideraciones clave para el desarrollo sobre la minería metálica en El Salvador/ |c Andrés McKinley | |
| 300 | |a páginas 45-62 | ||
| 500 | |a Colección Centroamérica | ||
| 773 | 0 | |0 18765 |9 1811 |a Universidad de Costa Rica |d San José, Costa Rica: Editorial Universidad de Costa Rica, 1974- |o 18831 |t Anuario de Estudios Centroaméricanos / |x 03777316 | |
| 942 | |2 ddc |c PP | ||
| 999 | |c 41033 |d 41033 | ||
